00853nam a2200205Ia 4500003000900000008004100009040001600050080001700066111007400083245024200157260006800399300001600467490001600483650001500499650004100514650001900555650001700574700002200591710003400613IN-BaIIA211028s9999 xx 000 0 eng d cIIA Library a523.745bHES asymposium on the physics of solar flarescWashingtond1963 Oct. 28-30 0aAAS-NASA symposium on the physics of solar flaresbproceedings of the AAS-NASA symposium held at the Goddard Space Flight Center, Green Belt, Maryland, Oct 28-30, 1963cedited by Wilmot Hess  aWashingtonbNational Aeronautics and Space Administrationc1964 aviii, 465p. aNASA SP; 50 aActive Sun aAstronomy and Astrophysics Thesaurus aSolar Activity aSolar Flares aHess, Wilmot, ed. aAmerican Astronomical Society